Normal view
MARC view
Entry Topical Term
001 - CONTROL NUMBER
- control field: 782826
003 - CONTROL NUMBER IDENTIFIER
- control field:
005 - DATE AND TIME OF LATEST TRANSACTION
- control field: 20210627054216.0
008 - FIXED-LENGTH DATA ELEMENTS
- fixed length control field: 210627|| aca||aabn | a|a d
040 ## - CATALOGING SOURCE
- Original cataloging agency:
- Transcribing agency:
150 ## - HEADING--TOPICAL TERM
- Topical term or geographic name entry element: Dogri fiction
- General subdivision: Translations into English
670 ## - SOURCE DATA FOUND
- Source citation: Work cat.: ()659387: Sarathi, O. P. Sarma, 1933- 782825, Churning of the city /, 1983
